Spiritual renewal through personal groups; (Record no. 2909)

MARC details
000 -LEADER
fixed length control field 00757cam a22002531 4500
001 - CONTROL NUMBER
control field 10279349
003 - CONTROL NUMBER IDENTIFIER
control field GBCCL
005 - DATE AND TIME OF LATEST TRANSACTION
control field 20241126110442.0
008 - FIXED-LENGTH DATA ELEMENTS--GENERAL INFORMATION
fixed length control field 730129s1957 nyu 000 0 eng
010 ## -
-- 57011602
035 ## - SYSTEM CONTROL NUMBER
System control number (OCoLC)546435
040 ## - CATALOGING SOURCE
Original cataloging agency DLC
Transcribing agency OUrC
Modifying agency OCoLC
-- DLC
042 ## -
-- premarc
050 00 -
-- BV4501
-- .C3454
082 ## - DEWEY DECIMAL CLASSIFICATION NUMBER
Classification number 259
Item number CAS
100 1# - MAIN ENTRY--PERSONAL NAME
Personal name Casteel, John Laurence,
Dates associated with a name 1903-
Relator term ed.
9 (RLIN) 6078
245 10 - TITLE STATEMENT
Title Spiritual renewal through personal groups;
Statement of responsibility, etc. edited with an introd. and an interpretation.
260 ## - PUBLICATION, DISTRIBUTION, ETC.
Place of publication, distribution, etc. New York,
Name of publisher, distributor, etc. Association Press
Date of publication, distribution, etc. [1957]
300 ## - PHYSICAL DESCRIPTION
Extent 220 p.
Dimensions 21 cm.
650 #0 - SUBJECT ADDED ENTRY--TOPICAL TERM
Topical term or geographic name entry element Spiritual life.
9 (RLIN) 447
650 #0 - SUBJECT ADDED ENTRY--TOPICAL TERM
Topical term or geographic name entry element Church group work.
9 (RLIN) 940
906 ## - LOCAL DATA ELEMENT F, LDF (RLIN)
a 7
b cbc
c oclcrpl
d u
e ncip
f 19
g y-gencatlg
942 ## - ADDED ENTRY ELEMENTS (KOHA)
Source of classification or shelving scheme Dewey Decimal Classification
Koha item type Books
Holdings
Withdrawn status Lost status Source of classification or shelving scheme Damaged status Not for loan Home library Current Library Shelving location Date acquired Total checkouts Full call number Barcode Date last seen Copy number Price effective from Koha item type
    Dewey Decimal Classification     GRACE BIBLE COLLEGE GRACE BIBLE COLLEGE Ministry & Mission 2017-10-06   259 CAS 004397 2025-05-01 c.1 2017-10-06 Books
    Dewey Decimal Classification     GRACE BIBLE COLLEGE GRACE BIBLE COLLEGE Ministry & Mission 2017-10-06   259 CAS 008787 2025-05-01 c.2 2017-10-06 Books
© Grace Bible College Library 2025